[Event "Madrid Chamartin op 3rd"]
[Site "Madrid"]
[Date "2014.09.12"]
[Round "8"]
[White "Nieto de la Cruz, Julio"]
[Black "Abul, Qasem"]
[Result "0-1"]
[WhiteElo "2179"]
[BlackElo "1994"]
[PlyCount "64"]
[EventDate "2014.09.07"]
[EventType "swiss"]
[EventRounds "9"]
[EventCountry "ESP"]
[SourceTitle "CBM 162 Extra"]
[Source "ChessBase"]
[SourceDate "2014.10.17"]
[SourceVersion "1"]
[SourceVersionDate "2014.10.17"]
[SourceQuality "1"]

1. d4 g6 2. c4 Bg7 3. Nc3 d6 4. e4 Nc6 5. Be3 e5 6. Nge2 Nf6 7. d5 Ne7 8. f3 Nd7 9. Nb5 a6 10. Nbc3 0-0 11. b4 b6 12. Rc1 f5 13. c5 Rf7 14. Na4 Bf8 15. Qc2 dxc5 16. bxc5 b5 17. Nb2 f4 18. Bd2 Nxd5 19. exd5 Nxc5 20. Bb4 Bf5 21. Qd2 Rd7 22. Nc3 Nb3 23. axb3 Bxb4 24. g4 fxg3 25. hxg3 Rxd5 26. Qh6 Qe7 27. Bh3 e4 28. 0-0 Qc5+ 29. Kh2 Bxc3 30. fxe4 Bxh3 31. exd5 Bxf1 32. Nd1 Qxd5 0-1

[Event "Benidorm op U2000 11th"]
[Site "Benidorm"]
[Date "2012.12.06"]
[Round "7"]
[White "Abul, Qasem"]
[Black "Nieto Tornero, Jose"]
[Result "1-0"]
[WhiteElo "1998"]
[BlackElo "1951"]
[PlyCount "120"]
[EventDate "2012.11.30"]
[EventType "swiss"]
[EventRounds "10"]
[EventCountry "ESP"]
[SourceTitle "EXT 2014"]
[Source "ChessBase"]
[SourceDate "2013.11.20"]
[SourceVersion "1"]
[SourceVersionDate "2013.11.20"]
[SourceQuality "1"]

1. e4 e5 2. Nf3 Nc6 3. Bb5 a6 4. Ba4 Nf6 5. 0-0 b5 6. Bb3 Nxe4 7. d4 d5 8. dxe5 Be6 9. c3 Bc5 10. Bc2 0-0 11. Nbd2 Nxf2 12. Rxf2 f6 13. exf6 Qxf6 14. Qf1 Rae8 15. Kh1 Bxf2 16. Qxf2 Ne5 17. Qd4 Bg4 18. Ng1 c6 19. Nb3 Qf2 20. Bd2 Nc4 21. Qxg4 Nxd2 22. Qh5 Ne4 23. Nd4 g6 24. Qd1 Qxd4 25. Qxd4 Nf2+ 26. Qxf2 Rxf2 27. Rc1 Kg7 28. h3 Kf6 29. Kh2 Re3 30. a4 c5 31. axb5 axb5 32. Kh1 h6 33. Nf3 Ree2 34. Bd3 Rxb2 35. Ne1 Rfd2 36. Kg1 c4 37. Bf1 g5 38. Nf3 Rdc2 39. Rd1 Rxc3 40. Rxd5 Rc1 41. Nd4 Rd2 42. g4 b4 43. Rf5+ Kg6 44. Nf3 Rdd1 45. Kg2 Rc2+ 46. Kg3 Kg7 47. Ne5 Rc3+ 48. Kf2 Rc2+ 49. Ke3 Rc3+ 50. Ke4 Rdc1 51. Kd4 Rd1+ 52. Kc5 b3 53. Bxc4 Rxc4+ 54. Nxc4 Rd3 55. Rf7+ Kg8 56. Rb7 Rxh3 57. Kd4 h5 58. Ne5 hxg4 59. Nxg4 Rf3 60. Ke5 Re3+ 1-0

[Event "Benidorm op U2000 11th"]
[Site "Benidorm"]
[Date "2012.11.30"]
[Round "1"]
[White "Abul, Qasem"]
[Black "Platero Manteca, Javier"]
[Result "0-1"]
[WhiteElo "1998"]
[BlackElo "1797"]
[PlyCount "113"]
[EventDate "2012.11.30"]
[EventType "swiss"]
[EventRounds "10"]
[EventCountry "ESP"]
[SourceTitle "EXT 2014"]
[Source "ChessBase"]
[SourceDate "2013.11.20"]
[SourceVersion "1"]
[SourceVersionDate "2013.11.20"]
[SourceQuality "1"]

1. e4 c5 2. Nf3 d6 3. d4 cxd4 4. Nxd4 Nf6 5. Nc3 g6 6. Be3 Bg7 7. Qd2 Nc6 8. f3 0-0 9. Bc4 Nd7 10. 0-0-0 Nb6 11. Bb3 Na5 12. Bh6 Nbc4 13. Qg5 e5 14. Nd5 Qxg5+ 15. Bxg5 exd4 16. Be7 Nxb3+ 17. axb3 Ne3 18. Bxf8 Kxf8 19. Nxe3 dxe3 20. Rxd6 Be6 21. Kd1 Rc8 22. Rd3 Bh6 23. Kc1 f5 24. Re1 Ke7 25. Re2 fxe4 26. fxe4 Bg4 27. Re1 Rf8 28. Rdxe3 Bxe3+ 29. Rxe3 Rf1+ 30. Kd2 Rf2+ 31. Kd3 Rxg2 32. h3 Bd1 33. Kd4 Rxc2 34. Ke5 Rc6 35. b4 a6 36. Kf4 h6 37. h4 Ba4 38. Ke5 Re6+ 39. Kd4 Bc6 40. e5 g5 41. b5 axb5 42. Rg3 Rg6 43. Rg1 g4 44. Ke3 g3 45. Re1 g2 46. Kf2 g1Q+ 47. Rxg1 Rxg1 48. Kxg1 Ke6 49. Kf2 Kxe5 50. Ke3 Kf5 51. Kf2 Kg4 52. h5 Kxh5 53. Kg3 Kg5 54. b4 h5 55. Kh3 h4 56. Kh2 Kg4 57. Kg1 0-1

[Event "Madrid Chamartin op 1st"]
[Site "Madrid"]
[Date "2012.09.15"]
[Round "9"]
[White "Abul, Qasem"]
[Black "Lozano Sanchez, Jose Antonio"]
[Result "0-1"]
[WhiteElo "2030"]
[BlackElo "1873"]
[PlyCount "106"]
[EventDate "2012.09.09"]
[EventType "swiss"]
[EventRounds "9"]
[EventCountry "ESP"]
[SourceTitle "CBM 150 Extra"]
[Source "ChessBase"]
[SourceDate "2012.10.19"]
[SourceVersion "1"]
[SourceVersionDate "2012.10.19"]
[SourceQuality "1"]

1. d4 d5 2. c4 c6 3. Nc3 Nf6 4. Nf3 Bf5 5. Bg5 Nbd7 6. e3 h6 7. Bh4 e6 8. Bd3 Bxd3 9. Qxd3 Be7 10. 0-0 Nh5 11. Bxe7 Qxe7 12. e4 dxc4 13. Qxc4 Nb6 14. Qd3 Nf6 15. e5 Nfd5 16. Ne4 0-0 17. a4 a5 18. Rfc1 Nb4 19. Qd2 N6d5 20. Rc5 b6 21. Rc4 Rac8 22. Rac1 Rc7 23. h4 Na2 24. Rd1 Nab4 25. Kh2 Rd8 26. g4 f6 27. exf6 Nxf6 28. Qf4 Nbd5 29. Nxf6+ Qxf6 30. Qxf6 gxf6 31. Kg3 Kf7 32. Rdc1 Rdc8 33. g5 hxg5 34. hxg5 Ne7 35. Rh1 Rg8 36. Kg4 Rcc8 37. Rh6 Rg6 38. Rh1 Rcg8 39. b4 axb4 40. Rxb4 Nd5 41. Rc4 Rc8 42. Rhc1 Ne7 43. Rb1 Nd5 44. a5 b5 45. Rxb5 Rgg8 46. Rb7+ Ne7 47. a6 fxg5 48. a7 Kf6 49. Ne5 Rh8 50. Kf3 g4+ 51. Ke4 Nf5 52. Nd7+ Kg5 53. Nc5 Nd6+ 0-1

[Event "Madrid Chamartin op 1st"]
[Site "Madrid"]
[Date "2012.09.14"]
[Round "8"]
[White "Lopez Garralon, Miguel"]
[Black "Abul, Qasem"]
[Result "1-0"]
[WhiteElo "1947"]
[BlackElo "2030"]
[PlyCount "43"]
[EventDate "2012.09.09"]
[EventType "swiss"]
[EventRounds "9"]
[EventCountry "ESP"]
[SourceTitle "CBM 150 Extra"]
[Source "ChessBase"]
[SourceDate "2012.10.19"]
[SourceVersion "1"]
[SourceVersionDate "2012.10.19"]
[SourceQuality "1"]

1. e4 e5 2. Nf3 Nc6 3. Bc4 Bc5 4. d3 Nf6 5. h3 d6 6. Nbd2 Na5 7. c3 Nxc4 8. Nxc4 a6 9. a4 Be6 10. Ne3 Ba7 11. 0-0 0-0 12. g4 Nd7 13. Nf5 f6 14. d4 d5 15. Qb3 Nb6 16. dxe5 Re8 17. N3d4 fxe5 18. Nxe6 Rxe6 19. Rd1 c6 20. exd5 Nxd5 21. Qxb7 Bc5 22. Qxg7# 1-0

[Event "Madrid Oliver Gonzalez Memorial-B 3rd"]
[Site "Madrid"]
[Date "2012.09.04"]
[Round "4"]
[White "Abul, Qasem"]
[Black "Marcos Herrero, Francisco"]
[Result "1-0"]
[WhiteElo "2030"]
[BlackElo "1937"]
[PlyCount "55"]
[EventDate "2012.09.01"]
[EventType "swiss"]
[EventRounds "9"]
[EventCountry "ESP"]
[SourceTitle "CBM 150 Extra"]
[Source "ChessBase"]
[SourceDate "2012.10.19"]
[SourceVersion "1"]
[SourceVersionDate "2012.10.19"]
[SourceQuality "1"]

1. e4 c5 2. Nf3 Nc6 3. d4 cxd4 4. Nxd4 Nf6 5. Nc3 d6 6. f4 g6 7. Be2 Bg7 8. Nb3 0-0 9. Be3 Be6 10. Qd2 a6 11. h3 Na5 12. Nd4 Bc4 13. Bf3 Nc6 14. 0-0-0 Qa5 15. Kb1 Nxd4 16. Bxd4 e5 17. Be3 Nxe4 18. Bxe4 d5 19. Bxd5 Rad8 20. Bxc4 Rxd2 21. Bxd2 exf4 22. Nd5 Qc5 23. Bb3 a5 24. Nxf4 b5 25. Bxa5 Re8 26. Nd3 Qa7 27. Bb4 h5 28. Rhf1 1-0

[Event "Budapest FS02 FM-B"]
[Site "Budapest"]
[Date "2011.02.10"]
[Round "6"]
[White "Abul, Qasem"]
[Black "Gruz, Janos"]
[Result "1-0"]
[WhiteElo "1981"]
[BlackElo "1911"]
[PlyCount "89"]
[EventDate "2011.02.05"]
[EventType "tourn"]
[EventRounds "11"]
[EventCountry "HUN"]
[SourceTitle "CBM 140 Extra"]
[Source "ChessBase"]
[SourceDate "2011.03.01"]
[SourceVersion "1"]
[SourceVersionDate "2011.03.01"]
[SourceQuality "1"]

1. e4 c5 2. Nf3 d6 3. d4 cxd4 4. Nxd4 Nf6 5. f3 a6 6. c4 g6 7. Nc3 Bg7 8. Be3 Nc6 9. Qd2 Bd7 10. Be2 Rc8 11. Rc1 h5 12. 0-0 Ne5 13. b3 Bc6 14. Rfe1 Ned7 15. Bf1 0-0 16. Qf2 Kh7 17. Qd2 Qa5 18. Kh1 Ne5 19. Bg5 Qd8 20. Rc2 Bd7 21. Qe3 Nc6 22. Nde2 Ne5 23. Nf4 Bc6 24. h3 Qe8 25. Nfd5 Bxd5 26. exd5 b5 27. cxb5 axb5 28. f4 Ned7 29. Bxb5 Qd8 30. Bc6 Nb8 31. Bb5 Nbd7 32. Bc6 Nb8 33. Bxf6 Bxf6 34. Ne4 Bg7 35. b4 Nxc6 36. Rxc6 Rxc6 37. dxc6 d5 38. Ng5+ Kg8 39. b5 d4 40. Qe4 Qb6 41. a4 Qa7 42. Rb1 Rb8 43. a5 Qxa5 44. Qxe7 Qd2 45. Qxf7+ 1-0

[Event "Madrid Villaverde op 10th"]
[Site "Madrid"]
[Date "2009.04.02"]
[Round "8"]
[White "Adeyemi, Adedeji"]
[Black "Abul, Qasem"]
[Result "0-1"]
[WhiteElo "1909"]
[BlackElo "2026"]
[PlyCount "79"]
[EventDate "2009.03.23"]
[EventType "swiss"]
[EventRounds "8"]
[EventCountry "ESP"]
[SourceTitle "CBM 129 Extra"]
[Source "ChessBase"]
[SourceDate "2009.05.05"]
[SourceVersion "2"]
[SourceVersionDate "2009.05.20"]
[SourceQuality "1"]

1. d4 Nf6 2. Bg5 Ne4 3. Bf4 c5 4. d5 Qb6 5. Qc1 c4 6. e3 Qa5+ 7. c3 Qxd5 8. Na3 b5 9. f3 Nf6 10. e4 Qc6 11. Ne2 a6 12. Nd4 Qb7 13. Nac2 d6 14. Bg5 Nbd7 15. a4 e5 16. Nf5 Nc5 17. Qe3 Bxf5 18. exf5 Nd5 19. Qf2 Nxa4 20. Ne3 Ndb6 21. f6 g6 22. 0-0-0 h6 23. Qh4 0-0-0 24. Ng4 h5 25. g3 Qxf3 26. Bh3 Kc7 27. Ne3 Qc6 28. Bg2 Qe8 29. Nc2 Bh6 30. Bxh6 Rxh6 31. Nb4 Nc5 32. Nc6 Rd7 33. Ne7 Rh8 34. Bc6 Qf8 35. Bxd7 Kxd7 36. g4 hxg4 37. Qxg4+ Kc7 38. h4 Nd3+ 39. Kc2 Qa8 40. Rh2 0-1

[Event "Parla 25 Jubilee op"]
[Site "Parla"]
[Date "2008.09.09"]
[Round "4"]
[White "Abul, Qasem"]
[Black "Sanchez Gonzalez, Sergio"]
[Result "0-1"]
[WhiteElo "2043"]
[BlackElo "2228"]
[PlyCount "44"]
[EventDate "2008.09.06"]
[EventType "swiss"]
[EventRounds "9"]
[EventCountry "ESP"]
[SourceTitle "CBM 126 Extra"]
[Source "ChessBase"]
[SourceDate "2008.11.05"]
[SourceVersion "1"]
[SourceVersionDate "2008.11.05"]
[SourceQuality "1"]

1. e4 c5 2. Nf3 d6 3. d4 Nf6 4. Nc3 cxd4 5. Nxd4 e6 6. f4 Nc6 7. Be2 a6 8. Be3 Qc7 9. 0-0 Bd7 10. Kh1 h6 11. a4 Be7 12. Qe1 Nxd4 13. Bxd4 Bc6 14. a5 Nxe4 15. Bxg7 Rg8 16. Bf3 Rxg7 17. Bxe4 d5 18. Bf3 0-0-0 19. Rd1 Bb4 20. Nxd5 Bxe1 21. Nxc7 Rxd1 22. Ne8 Bxe8 0-1